[Event "Coupe 2000"]
[Site "?"]
[Date "2003.02.16"]
[Round "1"]
[White "Tarayre, Pascal"]
[Black "Rouqual, Olivier"]
[Result "1-0"]
[WhiteElo "1870"]
[BlackElo "1500"]
[Annotator "Tournefeuille/Cahors"]
[PlyCount "101"]

1.e4 e5 2.Nf3 Nf6 3.Bc4 Bc5 4.O-O d6 5.d3 O-O 6.h3 Nc6 7.Bg5 h6 8.Bh4 Nd4 
9.c3 Nxf3+ 10.Qxf3 Be6 11.Nd2 c6 12.b4 Bb6 13.Rfd1 Bxc4 14.Nxc4 d5 15.Nxe5
dxe4 16.dxe4 Qe7 17.Bxf6 Qxf6 18.Qxf6 gxf6 19.Ng4 Kg7 20.Rd6 Bd8 21.Rad1 
Be7 22.Rd7 Rad8 23.Ne3 Rfe8 24.Rxb7 Rxd1+ 25.Nxd1 Rd8 26.Ne3 Bd6 27.Nf5+ 
Kg6 28.Nxd6 Rxd6 29.Rxa7 Rd1+ 30.Kh2 Rd2 31.f3 Rd3 32.Ra3 f5 33.exf5+ Kxf5
34.Rb3 Rd2 35.Ra3 f6 36.Ra5+ Kg6 37.Rc5 Rxa2 38.Rxc6 Rb2 39.Rc5 Rb3 40.b5 
Kf7 41.Kg3 Ke6 42.Kf4 Kd7 43.Kf5 Ke7 44.g4 Kd6 45.Rc6+ Kd5 46.Rxf6 Rxb5 
47.Kg6 Kc4 48.Kxh6 Kxc3 49.g5 Rb7 50.g6 Kd4 51.g7 1-0

[Event "Coupe 2000"]
[Site "?"]
[Date "2003.02.16"]
[Round "1"]
[White "Josserand, Pascal"]
[Black "Garcia del Prado, Bruno"]
[Result "1-0"]
[WhiteElo "1840"]
[BlackElo "1680"]
[Annotator "Tournefeuille/Albi"]
[PlyCount "63"]

1.e4 Nf6 2.e5 Nd5 3.c4 Nb6 4.d4 d6 5.f4 Bf5 6.Nf3 dxe5 7.fxe5 e6 8.Be2 Nc6
9.O-O Bg4 10.Be3 Be7 11.Nbd2 Bb4 12.a3 Bxd2 13.Qxd2 O-O 14.Rad1 h6 15.Bxh6
Bxf3 16.Rxf3 Qd7 17.Bxg7 Qxd4+ 18.Qxd4 Nxd4 19.Rxd4 Rfd8 20.Rg4 Rd7 21.
Bh6+ Kh8 22.Rh3 f5 23.exf6 Rad8 24.Bg7+ Kg8 25.f7+ Kxf7 26.Rf3+ Ke8 27.Bf6
Rc8 28.c5 Rd2 29.cxb6 axb6 30.Rg8+ Kd7 31.Rg7+ Ke8 32.Rh3 1-0

[Event "Coupe 2000"]
[Site "?"]
[Date "2003.02.16"]
[Round "1"]
[White "Devecchi, Jorge"]
[Black "Hegray, Charlie"]
[Result "1/2-1/2"]
[WhiteElo "1499"]
[BlackElo "1450"]
[Annotator "Auch/Cahors"]
[PlyCount "108"]

1.d4 e6 2.c4 b6 3.Nc3 Bb7 4.Nf3 Bb4 5.Bd2 Nf6 6.Qb3 Na6 7.Nb5 Bxd2+ 8.Nxd2
O-O 9.f3 d5 10.e3 c6 11.Nc3 dxc4 12.Bxc4 b5 13.Bd3 b4 14.Nce4 Nd5 15.Bxa6 
Bxa6 16.Nc5 Bb5 17.e4 Nf4 18.Qxb4 a5 19.Qc3 Nxg2+ 20.Kf2 Nf4 21.h4 Ne2 22.
Qe3 Nxd4 23.Nb7 Qf6 24.e5 Nc2 25.exf6 Nxe3 26.fxg7 Rfb8 27.Kxe3 Rxb7 28.a4
Ba6 29.Rhg1 Rxb2 30.Ne4 Rb3+ 31.Kf2 Rb2+ 32.Ke1 Re2+ 33.Kd1 Rd8+ 34.Kc1 
Rxe4 35.fxe4 Rd4 36.Rg4 h5 37.Rg5 Rxe4 38.Rxh5 Re1+ 39.Kb2 Re2+ 40.Kc3 
Re3+ 41.Kd4 Rd3+ 42.Kc5 Kxg7 43.Rg5+ Kf8 44.Kxc6 f5 45.Kb6 Bc4 46.Kxa5 Rh3
47.h5 f4 48.Kb4 Bd5 49.Rd1 f3 50.Rgxd5 exd5 51.Rf1 d4 52.Kc4 Kg7 53.Kxd4 
Rh4+ 54.Ke3 Rxa4 1/2-1/2

[Event "Coupe 2000"]
[Site "?"]
[Date "2003.02.16"]
[Round "1"]
[White "Phan, Van-Chuong"]
[Black "Calatrava, Julian"]
[Result "0-1"]
[WhiteElo "1760"]
[BlackElo "1750"]
[Annotator "Muret/Condom"]
[PlyCount "36"]

1.Nf3 Nc6 2.c4 e6 3.g3 b6 4.Bg2 Bb7 5.Nd4 Nf6 6.Nxc6 Bxc6 7.Bxc6 dxc6 8.
Qa4 Qd7 9.Nc3 Bc5 10.O-O O-O 11.d3 h6 12.b4 Bd4 13.Bd2 e5 14.Rab1 b5 15.
Qb3 Qh3 16.Ne4 Ng4 17.Rfd1 Qxh2+ 18.Kf1 Qh1# 0-1

[Event "Coupe 2000"]
[Site "?"]
[Date "2003.02.16"]
[Round "1"]
[White "Benedicto, Patrice"]
[Black "De Baralle, Michel"]
[Result "0-1"]
[WhiteElo "1499"]
[BlackElo "1600"]
[Annotator "Montauban/Albi"]
[PlyCount "70"]

1.e4 c5 2.Nf3 Nc6 3.d4 cxd4 4.Nxd4 d6 5.Nc3 Nf6 6.Bb5 Bd7 7.Bxc6 bxc6 8.
O-O g6 9.f4 Bg7 10.h3 O-O 11.f5 c5 12.Nf3 Rb8 13.b3 Nxe4 14.Nxe4 Bxa1 15.
Bh6 Bg7 16.Bxg7 Kxg7 17.Nh4 Bc6 18.Qa1+ Kg8 19.Nd2 g5 20.Nhf3 Bxf3 21.Rxf3
f6 22.Rg3 d5 23.h4 h6 24.hxg5 hxg5 25.Nf3 Kf7 26.Ne5+ fxe5 27.Qxe5 Qd6 28.
Qxd6 exd6 29.Rxg5 Rg8 30.Rh5 Rg7 31.Kf2 Rbg8 32.Rh2 Kf6 33.Rh6+ Kxf5 34.
Rxd6 Ke5 35.Rh6 Rxg2+ 0-1

[Event "Coupe 2000"]
[Site "?"]
[Date "2003.02.16"]
[Round "1"]
[White "Lacroix, Romain"]
[Black "Pastorelli, Loic"]
[Result "1-0"]
[WhiteElo "1840"]
[BlackElo "1780"]
[Annotator "Moissac/Muret"]
[PlyCount "77"]

1.e4 c5 2.Nf3 Nc6 3.d4 cxd4 4.Nxd4 e5 5.Nb5 d6 6.N1c3 a6 7.Na3 b5 8.Nd5 
Nge7 9.c4 Nd4 10.cxb5 Nxd5 11.exd5 Bd7 12.Be3 Nxb5 13.Nxb5 axb5 14.Bd3 Qh4
15.Qe2 Qb4+ 16.Qd2 Qxd2+ 17.Kxd2 f5 18.f3 Be7 19.Rhc1 Bd8 20.Ke2 f4 21.Bd2
Bb6 22.Bb4 Ke7 23.Rc3 Bd4 24.Rb3 Rab8 25.Rc1 Rb7 26.Bc3 Be3 27.Bd2 Bc5 28.
Bb4 Bb6 29.Rc2 g5 30.Be1 Bc5 31.Bf2 Bxf2 32.Kxf2 h5 33.Rbc3 b4 34.Rc7 Rhb8
35.Bf5 Rxc7 36.Rxc7 Rd8 37.Rb7 Ke8 38.Bg6+ Kf8 39.Bxh5 {Suite illisible} 
1-0

[Event "Coupe 2000"]
[Site "?"]
[Date "2003.02.16"]
[Round "1"]
[White "Dols, Martin"]
[Black "Andre, Yves"]
[Result "1-0"]
[WhiteElo "1220"]
[BlackElo "1070"]
[Annotator "Moissac/Cahors"]
[PlyCount "131"]

1.e4 e5 2.Nf3 Nc6 3.Bb5 Bb4 4.Bxc6 bxc6 5.Nxe5 Qf6 6.a3 Bc5 7.Ng4 Qg6 8.
Nc3 d5 9.e5 Bxg4 10.f3 Be6 11.d4 Bb6 12.Na4 Qxg2 13.Rf1 Ba5+ 14.Nc3 Bh3 
15.Rf2 Qg1+ 16.Ke2 Qg6 17.b4 Bb6 18.b5 Ne7 19.a4 Nf5 20.Ke1 Nxd4 21.Ra2 
Qg1+ 22.Kd2 Qxf2+ 23.Ne2 Nxf3+ 24.Kc3 d4+ 25.Kb2 Nxe5 26.bxc6 d3 27.cxd3 
Rd8 28.Ra3 O-O 29.Bg5 Bg4 30.Qc2 Rd6 31.Rc3 Bxe2 32.Be7 Nxd3+ 33.Kb3 Nc5+ 
34.Kb2 Nd3+ 35.Kb3 Qe3 36.Bxd6 cxd6 37.c7 Qe6+ 38.Rc4 Rc8 39.Ka3 Nc5 40.a5
Bxc4 41.axb6 axb6 42.Kb4 Rxc7 43.Qxc4 Qe1+ 44.Kb5 Rb7 45.Kc6 Qe7 46.Qb5 
Qc7+ 47.Kd5 Qe7 48.Kc4 Qe4+ 49.Kc3 Qe5+ 50.Kc4 d5+ 51.Kb4 Qe4+ 52.Kc3 Qe3+
53.Kc2 Rb8 54.h4 h6 55.h5 Qe2+ 56.Qxe2 d4 57.Qe5 d3+ 58.Kd1 Rd8 59.Qc7 Ne6
60.Qxb6 Rc8 61.Qe3 Nc5 62.Qh3 Rd8 63.Qf5 Nb3 64.Qb5 Nd4 65.Qb6 f6 66.Qxd8+
1-0

[Event "Coupe 2000"]
[Site "?"]
[Date "2003.02.16"]
[Round "2"]
[White "Schegerin, Andre"]
[Black "Rouqual, Guy"]
[Result "1-0"]
[WhiteElo "1860"]
[BlackElo "1540"]
[Annotator "Albi/Cahors"]
[PlyCount "93"]

1.f4 d5 2.Nf3 Bf5 3.e3 Nf6 4.c4 e6 5.Nc3 c6 6.Qb3 Qb6 7.Nd4 Bg6 8.h3 Nbd7 
9.Qxb6 axb6 10.cxd5 exd5 11.f5 Bh5 12.g4 Bxg4 13.hxg4 Nxg4 14.Bh3 Nge5 15.
Ke2 Bd6 16.d3 Nf6 17.Nf3 Nh5 18.Rg1 Nd7 19.e4 Bf4 20.Be3 O-O-O 21.Bg4 Ndf6
22.Bxh5 Nxh5 23.Bxf4 Nxf4+ 24.Ke3 Nh5 25.Rac1 Rhe8 26.Ne2 dxe4 27.dxe4 Nf6
28.Nc3 g6 29.fxg6 hxg6 30.Ng5 Re7 31.Rcf1 Rd6 32.Rf4 Nd5+ 33.Nxd5 cxd5 34.
Rxf7 Re8 35.Rc1+ Kb8 36.Rcc7 dxe4 37.Rxb7+ Ka8 38.Ra7+ Kb8 39.Rfb7+ Kc8 
40.Rg7 Rd3+ 41.Ke2 Kb8 42.Rgb7+ Kc8 43.Rxb6 Rg3 44.Ne6 Rxe6 45.Rxe6 Rg2+ 
46.Ke3 Kd8 47.Rea6 1-0

[Event "Coupe 2000"]
[Site "?"]
[Date "2003.02.16"]
[Round "2"]
[White "Alonso, Jesus"]
[Black "Hoareau, Nicolas"]
[Result "1/2-1/2"]
[WhiteElo "1850"]
[BlackElo "1960"]
[Annotator "Tournefeuille/Montauban"]
[PlyCount "87"]

1.e4 e6 2.d4 d5 3.exd5 exd5 4.Nf3 Bd6 5.Be2 Nc6 6.O-O Nge7 7.Bg5 Bf5 8.Nc3
f6 9.Bh4 a6 10.a3 O-O 11.Bg3 Bxg3 12.fxg3 Bg6 13.Nh4 Re8 14.Nxg6 Nxg6 15.
Bf3 Nce7 16.Qd3 Qd7 17.Bh5 Red8 18.Rae1 b6 19.b4 b5 20.Ne2 Nf8 21.Nf4 Nc8 
22.Bf3 c6 23.Re2 Nb6 24.h3 Qd6 25.Rfe1 Nc4 26.Nh5 g6 27.Nf4 Kf7 28.h4 Re8 
29.h5 g5 30.Nh3 Qd7 31.g4 Nd6 32.Nf2 Kg7 33.Nd1 Rxe2 34.Bxe2 Re8 35.Ne3 
Qe6 36.Bf3 Kh8 37.Re2 Qf7 38.Nf5 Nxf5 39.gxf5 Nd7 40.g4 Nb6 41.Rxe8+ Qxe8 
42.Qe2 Qxe2 43.Bxe2 Kg7 44.Bd3 1/2-1/2

[Event "Coupe 2000"]
[Site "?"]
[Date "2003.02.16"]
[Round "2"]
[White "Pokee, Anne-Josephe"]
[Black "Lacroix, Romain"]
[Result "0-1"]
[WhiteElo "1710"]
[BlackElo "1840"]
[Annotator "Auch/Moissac"]
[PlyCount "92"]

1.e4 e5 2.Nf3 Nf6 3.Nxe5 d6 4.Nf3 Nxe4 5.Bc4 d5 6.Qe2 Be7 7.O-O O-O 8.Re1 
Re8 9.Bxd5 Qxd5 10.Qxe4 Qxe4 11.Rxe4 Bf5 12.Rc4 Nc6 13.d3 Be6 14.Re4 Nb4 
15.Na3 Bd5 16.Re1 Nxa2 17.Bd2 Nb4 18.Rxe7 Rxe7 19.Bxb4 Re6 20.Nh4 Rb6 21.
Bc3 Re8 22.Nf5 Rg6 23.Ne3 Bc6 24.Nac4 a6 25.Ne5 Rge6 26.Nxc6 Rxc6 27.Ra4 
b5 28.Rg4 f6 29.g3 g6 30.Nd5 Kf7 31.Nxf6 Rxf6 32.Bxf6 Kxf6 33.Kf1 Re5 34.
Rf4+ Rf5 35.Rxf5+ Kxf5 36.h3 a5 37.Ke2 g5 38.Kd2 g4 39.h4 Ke5 40.Kc3 c5 
41.Kb3 Kd4 42.Ka3 c4 43.dxc4 Kxc4 44.c3 h5 45.b4 axb4+ 46.cxb4 Kc3 0-1

[Event "Coupe 2000"]
[Site "?"]
[Date "2003.02.16"]
[Round "2"]
[White "Garcia del Prado, Bruno"]
[Black "Dirat, Sylvain"]
[Result "0-1"]
[WhiteElo "1680"]
[BlackElo "1760"]
[Annotator "Albi/Moissac"]
[PlyCount "96"]

1.e4 e5 2.Nf3 Nc6 3.d4 exd4 4.Nxd4 Qh4 5.Nxc6 Qxe4+ 6.Qe2 Qxe2+ 7.Bxe2 
dxc6 8.O-O Be6 9.Be3 Nf6 10.Nc3 Bb4 11.Bd4 O-O 12.Bxf6 gxf6 13.Ne4 f5 14.
Ng5 Rad8 15.Rfd1 Rxd1+ 16.Rxd1 Re8 17.a3 Bd5 18.Bh5 Re1+ 19.Rxe1 Bxe1 20.
Be2 Bd2 21.Nh3 Bc1 22.c4 Be6 23.b3 Bxa3 24.f3 Kf8 25.Bd3 Ke7 26.Kf1 Kd6 
27.f4 Kc5 28.Ke2 Kb4 29.Bc2 h6 30.Kd3 b5 31.cxb5 cxb5 32.Nf2 Bxb3 33.h4 
Bxc2+ 34.Kxc2 Kc4 35.Nd1 Bc5 36.Nb2+ Kd4 37.Kd2 Ke4 38.Ke2 Be7 39.g3 a5 
40.Nd1 b4 41.Nf2+ Kd4 42.Kd2 c5 43.Nd1 c4 44.Ne3 c3+ 45.Ke2 Ke4 46.Nc4 a4 
47.Ne5 f6 48.Nc6 Bd6 0-1

[Event "Coupe 2000"]
[Site "?"]
[Date "2003.02.16"]
[Round "2"]
[White "Rouede, Gilbert"]
[Black "Pagnoncelli, Herve"]
[Result "1-0"]
[WhiteElo "1880"]
[BlackElo "1830"]
[Annotator "Auch/Condom"]
[PlyCount "69"]

1.e4 c5 2.Nf3 Nc6 3.Nc3 d6 4.Bb5 Bd7 5.O-O Nf6 6.d3 e6 7.Re1 Be7 8.d4 cxd4
9.Nxd4 Nxd4 10.Bxd7+ Qxd7 11.Qxd4 O-O 12.h3 Rfd8 13.Be3 Qc6 14.f3 e5 15.
Qb4 Rd7 16.Qb3 d5 17.exd5 Nxd5 18.Nxd5 Rxd5 19.c4 Rd7 20.Rad1 b6 21.Rxd7 
Qxd7 22.Rd1 Qc7 23.Qc3 f6 24.b4 a5 25.a3 axb4 26.axb4 Ra4 27.c5 b5 28.Qb3+
Kh8 29.Qd5 h6 30.Qe6 Bf8 31.Rd7 Qc8 32.Qf7 Rxb4 33.Bxh6 Bxc5+ 34.Kh2 Qxd7 
35.Bxg7+ 1-0

[Event "Coupe 2000"]
[Site "?"]
[Date "2003.02.16"]
[Round "2"]
[White "Chanel, Jean-Baptiste"]
[Black "Josserand, Pascal"]
[Result "0-1"]
[WhiteElo "1450"]
[BlackElo "1840"]
[Annotator "Cahors/Tournefeuille"]
[PlyCount "68"]

1.e4 e6 2.Nf3 d5 3.e5 c5 4.c4 d4 5.Bd3 Nc6 6.Be4 Nge7 7.Na3 a6 8.Ng5 Nxe5 
9.Qh5 N5g6 10.Qf3 Ne5 11.Qh5 g6 12.Nxh7 Bg7 13.Qh3 Nf5 14.d3 Qa5+ 15.Bd2 
Qb6 16.b3 Bd7 17.Bg5 Qb4+ 18.Kd1 Qxa3 19.Bf6 Bxf6 20.Nxf6+ Ke7 21.Nxd7 
Kxd7 22.Bxf5 Rxh3 23.Bxh3 Nxd3 24.Ke2 Nf4+ 25.Kf3 g5 26.Bg4 Qb2 27.Rad1 
Qc3+ 28.Ke4 d3 29.g3 Qd4+ 30.Kf3 f5 31.Bxf5 exf5 32.gxf4 Qe4+ 33.Kg3 gxf4+
34.Kh3 Rh8# 0-1

[Event "Coupe 2000"]
[Site "?"]
[Date "2003.02.16"]
[Round "2"]
[White "Rouqual, Olivier"]
[Black "Hoarau, David"]
[Result "0-1"]
[WhiteElo "1500"]
[BlackElo "1910"]
[Annotator "Cahors/Ramonville"]
[PlyCount "152"]

1.e4 c5 2.Nf3 d6 3.Bc4 Nc6 4.Ng5 e6 5.d3 Be7 6.Nf3 Nf6 7.Bg5 a6 8.O-O O-O 
9.d4 Nxe4 10.Bxe7 Qxe7 11.d5 Na5 12.Re1 Nxc4 13.Rxe4 Nb6 14.dxe6 fxe6 15.
Qd2 Bd7 16.Qg5 Qxg5 17.Nxg5 Rae8 18.Rh4 h6 19.Ne4 Bc6 20.Nbc3 Nc8 21.Rd1 
Rd8 22.Re1 b6 23.Rg4 d5 24.Ng3 Rde8 25.Nh5 Rf7 26.Nf4 Bd7 27.Nd3 e5 28.Rg3
e4 29.Nf4 Rxf4 30.Nxd5 Rf5 31.Nc7 Re7 32.Nxa6 Bb5 33.Ra3 Ra7 34.Rxe4 Rxa6 
35.Rxa6 Bxa6 36.Re8+ Kf7 37.Re3 Rd5 38.h3 Bb7 39.Rf3+ Kg8 40.Re3 Rg5 41.f3
Rf5 42.Kf2 Rd5 43.Ke2 Ba6+ 44.Ke1 Nd6 45.b3 Nf5 46.Re8+ Kf7 47.Re4 Rd7 48.
c4 Re7 49.Rxe7+ Kxe7 50.g4 Nd4 51.Kf2 g5 52.Ke3 Kf6 53.Ke4 Bb7+ 54.Ke3 
Bxf3 55.Kf2 Ke5 56.Ke3 Bg2 57.Kf2 Bxh3 58.Kg3 Bf1 59.Kf2 Bd3 60.Ke3 Bb1 
61.a3 Nxb3 62.Kf3 Kd4 63.Ke2 Kxc4 64.Kd1 Be4 65.a4 Bf3+ 66.Ke1 Bxg4 67.a5 
bxa5 68.Kf2 Kd4 69.Kg3 h5 70.Kf2 Kd3 71.Kg2 a4 72.Kh2 a3 73.Kg3 a2 74.Kg2 
a1=Q 75.Kh2 Qa2+ 76.Kg1 Bh3 0-1

[Event "Coupe 2000"]
[Site "?"]
[Date "2003.02.16"]
[Round "2"]
[White "Beaurain, Louis"]
[Black "Forestie, Pierre"]
[Result "0-1"]
[WhiteElo "1960"]
[BlackElo "1810"]
[Annotator "Condom/Montauban"]
[PlyCount "70"]

1.d4 d5 2.Nf3 Nf6 3.Bf4 Bf5 4.e3 e6 5.Be2 Nbd7 6.O-O c5 7.c3 Be7 8.h3 O-O 
9.Nbd2 Qb6 10.Qc1 h6 11.Ne5 Rac8 12.Ndf3 Bd6 13.Nxd7 Nxd7 14.Bxd6 Qxd6 15.
Re1 a6 16.Qd2 c4 17.a4 a5 18.Qc1 Qe7 19.Nd2 Qg5 20.f4 Qg6 21.Kh2 Nf6 22.
Qd1 Rc6 23.g4 Bc2 24.f5 Bxd1 25.fxg6 Bc2 26.gxf7+ Rxf7 27.Nf3 Ne4 28.Rf1 
Rb6 29.Ra2 Bb3 30.Raa1 Bxa4 31.Rxa4 Rxb2 32.Rxa5 Rxe2+ 33.Kg1 Rxe3 34.Ra8+
Kh7 35.Ng5+ Nxg5 0-1

[Event "Coupe 2000"]
[Site "?"]
[Date "2003.02.16"]
[Round "2"]
[White "Andre, Yves"]
[Black "Reynes, Philippe"]
[Result "0-1"]
[WhiteElo "1070"]
[BlackElo "1640"]
[Annotator "Cahors/Lardenne"]
[PlyCount "70"]

1.d4 d5 2.c4 c6 3.Nc3 e6 4.Bf4 dxc4 5.e3 b5 6.Nf3 Nf6 7.g3 Bb4 8.a3 Bxc3+ 
9.bxc3 Qa5 10.e4 Qxc3+ 11.Bd2 Qb3 12.Qxb3 cxb3 13.Rb1 Nxe4 14.Be3 O-O 15.
Bd3 Nf6 16.Rxb3 Nbd7 17.Rb4 Nd5 18.Rb3 Nxe3 19.fxe3 a6 20.Rb4 c5 21.dxc5 
Nxc5 22.Bc2 Bb7 23.Rf1 Rfd8 24.Nd4 Rac8 25.Ke2 Ne4 26.Bxe4 Bxe4 27.Rf4 Bb7
28.Rb1 e5 29.Re4 Bxe4 30.Rf1 exd4 31.Rf4 d3+ 32.Kd1 d2 33.Rxe4 Rc1+ 34.Ke2
d1=Q+ 35.Kf2 Rc2# 0-1

[Event "Coupe 2000"]
[Site "?"]
[Date "2003.02.16"]
[Round "3"]
[White "Fabre, Philippe"]
[Black "Vitrou, Jonathan"]
[Result "1/2-1/2"]
[WhiteElo "1710"]
[BlackElo "1850"]
[Annotator "Albi/Condom"]
[PlyCount "85"]

1.e4 e5 2.Nf3 Nf6 3.Nxe5 d6 4.Nf3 Nxe4 5.d4 d5 6.Bd3 Bd6 7.O-O O-O 8.c4 c6
9.Re1 Re8 10.Nc3 Nf6 11.Bg5 Be6 12.cxd5 cxd5 13.Qc2 g6 14.Re2 Nbd7 15.Rae1
Rc8 16.Bb5 Be7 17.Qb1 a6 18.Bd3 Qc7 19.h4 Nb6 20.Ne5 Nh5 21.Nxf7 Bxf7 22.
Rxe7 Rxe7 23.Rxe7 Qd6 24.Qe1 Rc7 25.Rxc7 Qxc7 26.g3 Ng7 27.Bf6 Ne8 28.Be5 
Qe7 29.Qe3 Nd7 30.Bc2 Nd6 31.Kg2 Nc4 32.Qe2 Ncxe5 33.dxe5 Qxe5 34.Qxe5 
Nxe5 35.Bb3 d4 36.Bxf7+ Kxf7 37.Ne4 b6 38.b3 Ke6 39.Kf1 h6 40.Ke2 Nc6 41.
a3 Ke5 42.f3 Na5 43.Nd2 1/2-1/2

[Event "Coupe 2000"]
[Site "?"]
[Date "2003.02.16"]
[Round "3"]
[White "Hoarau, David"]
[Black "Beaurain, Louis"]
[Result "1/2-1/2"]
[WhiteElo "1910"]
[BlackElo "1960"]
[Annotator "Ramonville/Condom"]
[PlyCount "38"]

1.e4 e6 2.d4 d5 3.e5 Bd7 4.Bd3 c5 5.c3 Qb6 6.Nf3 cxd4 7.cxd4 Bb5 8.Nc3 
Bxd3 9.Qxd3 Ne7 10.Bd2 Nec6 11.Na4 Qa6 12.Qxa6 Nxa6 13.Ke2 Be7 14.Rhc1 Kd7
15.a3 Rac8 16.b4 b5 17.Nc3 Nc7 18.Rcb1 a6 19.Kd3 Na8 1/2-1/2

[Event "Coupe 2000"]
[Site "?"]
[Date "2003.02.16"]
[Round "3"]
[White "Bonnaud, Rene"]
[Black "Videau, Yannick"]
[Result "0-1"]
[WhiteElo "1360"]
[BlackElo "1880"]
[Annotator "Cahors/Lardenne"]
[PlyCount "130"]

1.c4 Nf6 2.d4 g6 3.Bd2 Bg7 4.Nf3 O-O 5.Qc1 Re8 6.Bh6 Bh8 7.Bg5 c5 8.e3 d6 
9.Bd3 Nc6 10.a3 Bg4 11.Bxf6 Bxf6 12.d5 Ne5 13.Nxe5 Bxe5 14.O-O a6 15.Nc3 
Bd7 16.Rb1 Qc7 17.Bc2 b5 18.Bd3 bxc4 19.Bxc4 Reb8 20.b3 Qa5 21.Ne2 Rb6 22.
e4 Rab8 23.a4 Rb4 24.Qg5 Bf6 25.Qe3 Bxa4 26.Nc1 Rxc4 27.bxc4 Rxb1 28.Qd3 
Rb2 29.h3 Bc2 30.Qg3 Qb4 31.Nd3 Bxd3 32.Qxd3 Rd2 33.Qb1 Qxb1 34.Rxb1 Bd4 
35.Rb8+ Kg7 36.Ra8 Rxf2 37.Kh2 Rc2 38.Rxa6 Rxc4 39.Ra2 Be5+ 40.Kg1 Rxe4 
41.Kf2 Rd4 42.Re2 Rxd5 43.Kf3 Kf6 44.g4 Rd3+ 45.Kg2 Rg3+ 46.Kf1 Rxh3 47.
Rf2+ Kg7 48.Ke2 Rh2 49.Rxh2 Bxh2 50.Ke3 Kf6 51.Ke4 e6 52.Kd3 d5 53.Kc3 e5 
54.Kb3 e4 55.Ka4 e3 56.Kb5 e2 57.Kxc5 e1=Q 58.Kxd5 Qe3 59.g5+ Kf5 60.Kc6 
Ke6 61.Kb5 Kd5 62.Kb4 Bd6+ 63.Kb5 Qb3+ 64.Ka5 Kc6 65.Ka6 Qa4# 0-1

[Event "Coupe 2000"]
[Site "?"]
[Date "2003.02.16"]
[Round "3"]
[White "De Baralle, Michel"]
[Black "Dols, Martin"]
[Result "1-0"]
[WhiteElo "1600"]
[BlackElo "1220"]
[Annotator "Albi/Moissac"]
[PlyCount "94"]

1.d4 d5 2.c4 c6 3.Nc3 Nf6 4.e3 Bf5 5.cxd5 cxd5 6.Nf3 e6 7.Bb5+ Nbd7 8.O-O 
a6 9.Bd3 Ne4 10.Bxe4 dxe4 11.Nd2 Nf6 12.h3 Bb4 13.a3 Bxc3 14.bxc3 O-O 15.
Bb2 Qc7 16.Rc1 e5 17.Rc2 b5 18.Nb3 a5 19.Nc5 Bg6 20.Qc1 Rac8 21.Qa1 Qb6 
22.dxe5 Qxc5 23.exf6 gxf6 24.Rd1 Bh5 25.Rd4 Qf5 26.Rcd2 Kh8 27.Rd5 Qg6 28.
Kh2 Rg8 29.g3 Qh6 30.c4 Bg4 31.Bxf6+ Rg7 32.Bxg7+ Qxg7 33.Qxg7+ Kxg7 34.
Rg5+ Kf8 35.Rxg4 bxc4 36.Rc2 c3 37.Rxe4 f5 38.Re5 Kg7 39.Rxf5 Kg6 40.Rxa5 
Kf6 41.a4 Ke6 42.f4 Kd6 43.e4 Rc5 44.Rxc5 Kxc5 45.Rxc3+ Kb4 46.Rc7 Kxa4 
47.Rb7 h5 1-0

[Event "Coupe 2000"]
[Site "?"]
[Date "2003.02.16"]
[Round "3"]
[White "Reynes, Philippe"]
[Black "Phan, Van-Chuong"]
[Result "0-1"]
[WhiteElo "1640"]
[BlackElo "1750"]
[Annotator "Lardenne/Muret"]
[PlyCount "63"]

1.d4 d5 2.e3 Nf6 3.f4 Bg4 4.Nf3 e6 5.Be2 c5 6.O-O cxd4 7.exd4 Qb6 8.c3 
Nbd7 9.Ne5 Bxe2 10.Qxe2 Be7 11.Nd2 O-O 12.Ndf3 Rac8 13.Kh1 a6 14.g4 Qb5 
15.Qxb5 axb5 16.g5 Nxe5 17.fxe5 Ne4 18.Kg2 b4 19.cxb4 Rc2+ 20.Kg1 Rfc8 21.
a3 Re2 22.Ne1 Nxg5 23.Bxg5 Bxg5 24.Kh1 Rxb2 25.Nd3 Rbc2 26.a4 Be3 27.Ne1 
Re2 28.Nf3 Rc4 29.b5 Bxd4 30.Rac1 Bc3 31.Rfd1 g6 32.a5 0-1

[Event "Coupe 2000"]
[Site "?"]
[Date "2003.02.16"]
[Round "1"]
[White "Salvignac, Remy"]
[Black "Beaurain, Louis"]
[Result "0-1"]
[WhiteElo "1570"]
[BlackElo "1960"]
[EventDate "2003.??.??"]
[Annotator "Cahors/Condom"]
[PlyCount "84"]

1.d4 d5 2.Nf3 e6 3.e3 c5 4.c3 Bd6 5.Bd3 Nf6 6.Nbd2 O-O 7.O-O b6 8.e4 dxe4 
9.Nxe4 Nd5 10.Nxd6 Qxd6 11.Ne5 cxd4 12.cxd4 Bb7 13.Qh5 f5 14.Qf3 Qe7 15.
Qe2 Nc6 16.Nxc6 Bxc6 17.Re1 Rae8 18.a3 Qf6 19.Qe5 Qg6 20.Qg3 Qxg3 21.hxg3 
Rf6 22.Bd2 Rc8 23.Rac1 Ne7 24.Bg5 Rf7 25.Rxe6 Bd7 26.Rxc8+ Nxc8 27.Re5 Kh8
28.Bc4 Rf8 29.Bf4 h6 30.Be6 Bxe6 31.Rxe6 Kh7 32.Be5 Rf7 33.Rc6 Rf8 34.Rc7 
Rg8 35.d5 Kg6 36.f4 b5 37.Kh2 Kh5 38.Rd7 Nb6 39.Rxa7 g5 40.Rb7 Nxd5 41.
Rxb5 Ne3 42.fxg5 Rxg5 {suite illisible} 0-1

[Event "Coupe 2000"]
[Site "?"]
[Date "2003.02.16"]
[Round "1"]
[White "Fabre, Philippe"]
[Black "Pokee, Anne-Josephe"]
[Result "0-1"]
[WhiteElo "1710"]
[BlackElo "1710"]
[Annotator "Albi/Auch"]
[PlyCount "60"]

1.e4 e5 2.Nf3 Nc6 3.Bb5 a6 4.Ba4 Bc5 5.c3 Nf6 6.O-O b5 7.Bc2 d6 8.d4 Ba7 
9.dxe5 Nxe5 10.Nxe5 dxe5 11.Qxd8+ Kxd8 12.Bg5 h6 13.Bh4 Re8 14.Bxf6+ gxf6 
15.Bb3 Ke7 16.Bd5 Rb8 17.Nd2 Rg8 18.Rfe1 Bh3 19.g3 Rbd8 20.Nf1 f5 21.Bb7 
f4 22.Bxa6 Rd6 23.Bxb5 Rdg6 24.b4 h5 25.c4 Bd4 26.Rad1 Bc3 27.Re2 Bg4 28.
Ree1 Bxe1 29.Rxe1 Ra8 30.a4 c6 0-1

[Event "Coupe 2000"]
[Site "?"]
[Date "2003.02.16"]
[Round "1"]
[White "Forestie, Pierre"]
[Black "Partinico, Jeremy"]
[Result "1-0"]
[WhiteElo "1810"]
[BlackElo "1650"]
[Annotator "Montauban/Muret"]
[PlyCount "55"]

1.e4 c5 2.Nc3 Nc6 3.f4 e6 4.Bc4 a6 5.a4 Nge7 6.Nf3 d5 7.Ba2 d4 8.Ne2 b5 9.
d3 Bb7 10.O-O h5 11.Ng5 Qb6 12.f5 c4 13.fxe6 fxe6 14.Nf7 Rh7 15.Nf4 Nb4 
16.Ng5 Rh8 17.Nfxe6 Bc8 18.Nxf8 Bg4 19.Qd2 Rxf8 20.Rxf8+ Kxf8 21.Qxb4 Qg6 
22.Bd2 Ke8 23.axb5 Qb6 24.Bxc4 Rc8 25.Rxa6 Qc7 26.b6 Qb7 27.Ra7 Qb8 28.
Qxe7# 1-0

[Event "Coupe 2000"]
[Site "?"]
[Date "2003.02.16"]
[Round "2"]
[White "Videau, Yannick"]
[Black "Camilleri, Herve"]
[Result "0-1"]
[WhiteElo "1880"]
[BlackElo "1660"]
[Annotator "Lardenne/Muret"]
[PlyCount "68"]

1.e4 e5 2.Nf3 Nc6 3.Bb5 Nf6 4.O-O d6 5.d4 Bd7 6.Re1 Nxd4 7.Bxd7+ Nxd7 8.
Nxd4 exd4 9.Qxd4 Ne5 10.Nc3 Nc6 11.Qd3 g6 12.Nd5 Bg7 13.c3 O-O 14.f4 Re8 
15.Bd2 a5 16.a4 Ne7 17.Nxe7+ Qxe7 18.Re3 Qe6 19.Qc2 Ra6 20.Rae1 Rb6 21.Rh3
Qc4 22.f5 d5 23.fxg6 fxg6 24.Rhe3 d4 25.Qd3 Qxa4 26.Rf3 Rxb2 27.Ref1 Qa2 
28.R3f2 Qb3 29.Qh3 dxc3 30.Qd7 Qe6 31.Rf8+ Bxf8 32.Rxf8+ Rxf8 33.Qxe6+ Rf7
34.Bxc3 Rb1+ 0-1

[Event "Coupe 2000"]
[Site "?"]
[Date "2003.02.16"]
[Round "3"]
[White "Canivet, Christophe"]
[Black "Rouqual, Guy"]
[Result "1-0"]
[WhiteElo "1800"]
[BlackElo "1540"]
[Annotator "Cahors/Cahors"]
[PlyCount "155"]

1.e4 c6 2.d4 d5 3.e5 Bf5 4.c4 e6 5.Nc3 Bb4 6.cxd5 exd5 7.Bd2 Ne7 8.a3 Ba5 
9.Bg5 Qb6 10.b4 Bxb4 11.axb4 Qxb4 12.Qd2 Nd7 13.Bd3 Qxd4 14.Bxf5 Qxe5+ 15.
Qe3 Nxf5 16.Qxe5+ Nxe5 17.f4 Nc4 18.Ke2 f6 19.g4 fxg5 20.gxf5 gxf4 21.Nf3 
O-O 22.Nd4 Rae8+ 23.Kf2 a6 24.Rhe1 c5 25.Rxe8 Rxe8 26.Ne6 d4 27.Nd5 Ne3 
28.Ndxf4 Nxf5 29.Nxc5 Rf8 30.Nce6 Rf7 31.Rc1 Ne7 32.Kg3 h6 33.Nxd4 Kh7 34.
Rb1 b5 35.Ra1 Rf6 36.Nfe6 Rg6+ 37.Kh3 Rf6 38.Rxa6 Nd5 39.Nc7 Nf4+ 40.Kg4 
h5+ 41.Kg3 Rxa6 42.Nxa6 g5 43.Nxb5 Kg6 44.Nd6 Kf6 45.Ne4+ Kf5 46.Nac5 h4+ 
47.Kf2 Nd3+ 48.Nxd3 Kxe4 49.Ne1 g4 50.Kg2 Ke3 51.Nc2+ Kf4 52.Nd4 Ke5 53.
Nc6+ Kf4 54.Ne7 Kg5 55.Kf1 Kf6 56.Nd5+ Kf5 57.Ke2 Ke4 58.Ne3 Kf4 59.Ng2+ 
Kg5 60.Ke3 h3 61.Nf4 Kh4 62.Kf2 Kg5 63.Kg3 Kf5 64.Nd3 Kg5 65.Nf2 Kh5 66.
Nxg4 Kg6 67.Nf2 Kh5 68.Nxh3 Kh6 69.Kg4 Kg6 70.Nf4+ Kh6 71.h4 Kh7 72.Kg5 
Kg7 73.Ne6+ Kh7 74.h5 Kh8 75.Kg6 Kg8 76.h6 Kh8 77.Ng5 Kg8 78.h7+ 1-0

[Event "Coupe 2000"]
[Site "?"]
[Date "2003.02.16"]
[Round "2"]
[White "De Baralle, Michel"]
[Black "Legros, Jean-Luc"]
[Result "0-1"]
[WhiteElo "1600"]
[BlackElo "1880"]
[Annotator "Albi/Ramonville"]
[PlyCount "56"]

1.d4 d5 2.c4 c6 3.Nc3 dxc4 4.a4 Nf6 5.e3 Bf5 6.Bxc4 e6 7.Nf3 Bb4 8.Bd2 O-O
9.O-O c5 10.dxc5 Bxc5 11.Qc2 Nc6 12.Nh4 Bg4 13.Be2 Bxe2 14.Nxe2 Ne4 15.Nf3
Rc8 16.Rfd1 Ne7 17.Qb1 Nxd2 18.Rxd2 Qb6 19.Ne5 Bxe3 20.Rd7 Bxf2+ 21.Kh1 
Nd5 22.Qf1 Qxb2 23.Rb1 Qxe5 24.Qxf2 b6 25.Rf1 Nf6 26.Rxa7 Ng4 27.Qf4 Qxe2 
28.Rxf7 Qxf1+ 0-1